000 00391nam a2200169Ia 4500
003 OSt
005 20240520162856.0
008 170619s9999 xx 000 0 und d
020 _a978-8182094178
040 _cIIMT ENGINEERING COLLEGE
100 _aRamachandran- K
245 0 _aEnterpreneurship Development
260 _bTMH
260 _c2012
546 _aENGLISH
942 _2ddc
_c02
999 _c22846
_d22846